[Event "XXXVII Olimpiadi femminile"]
[Site "Torino ITA"]
[Date "2006.05.22"]
[Round "2.2"]
[White "Maksimovic, Suzana"]
[Black "Sekulovska, Vesna"]
[Result "0-1"]
[WhiteElo "2295"]
[BlackElo "2139"]
[Annotator "MKD-SCG"]
[PlyCount "85"]
[EventDate "2006.05.21"]

1. d4 d5 2. Nf3 Nf6 3. c4 e6 4. e3 Be7 5. b3 O-O 6. Bd3 b6 7. O-O Bb7 8. Bb2 c5
9. Nc3 Nc6 10. cxd5 exd5 11. dxc5 bxc5 12. Rc1 Qa5 13. Na4 c4 14. Bb1 Rad8 15.
Nd4 Nxd4 16. Bxd4 Ba6 17. Re1 Qc7 18. Qf3 Qc6 19. Nb2 Bc5 20. Nxc4 Bxd4 21.
exd4 Rc8 22. Re7 dxc4 23. Qxc6 Rxc6 24. Rxa7 Re8 25. f3 g6 26. d5 Rd6 27. bxc4
Bxc4 28. Rxc4 Re1+ 29. Kf2 Rxb1 30. Rc8+ Kg7 31. Rcc7 Rb2+ 32. Kg1 Rb1+ 33. Kf2
Rb2+ 34. Kg1 Rxd5 35. Rxf7+ Kh6 36. h4 Rd6 37. Kh2 g5 38. hxg5+ Kxg5 39. Rg7+
Kf5 40. Kh3 Rdd2 41. Raf7 Rxa2 42. g4+ Ke6 43. Re7+ 0-1

[Event "XXXVII Olimpiadi femminile"]
[Site "Torino ITA"]
[Date "2006.05.22"]
[Round "2.3"]
[White "Kizova, Aleksandra"]
[Black "Benderac, Ana"]
[Result "0-1"]
[WhiteElo "2011"]
[BlackElo "2293"]
[Annotator "MKD-SCG"]
[PlyCount "80"]
[EventDate "2006.05.21"]

1. d4 d5 2. c4 e6 3. cxd5 exd5 4. Nc3 c6 5. Nf3 Bd6 6. Bg5 Qb6 7. Qc2 f6 8. Bd2
Ne7 9. e3 Bf5 10. Bd3 Bxd3 11. Qxd3 O-O 12. O-O f5 13. a3 a5 14. Na4 Qc7 15. b4
b5 16. Nb2 a4 17. Qc2 Nd7 18. Nd3 Rf6 19. Nde5 Rh6 20. e4 fxe4 21. Bxh6 gxh6
22. Nxd7 Qxd7 23. Ne5 Bxe5 24. dxe5 Qe6 25. Qc3 Rd8 26. Rfd1 Rf8 27. f3 exf3
28. gxf3 Nf5 29. Rac1 Kh8 30. Qxc6 Rg8+ 31. Kh1 Ng3+ 32. Kg2 Ne4+ 33. Kf1 Qh3+
34. Ke2 Qg2+ 35. Kd3 Qxf3+ 36. Kd4 Qf2+ 37. Kxd5 Qf3 38. h4 Rd8+ 39. Ke6 Qg4+
40. Ke7 Qxh4+ 0-1

[Event "XXXVII Olimpiadi femminile"]
[Site "Torino ITA"]
[Date "2006.05.22"]
[Round "2.1"]
[White "Richards, Deborah"]
[Black "Sukandar, Irine Kharisma"]
[Result "0-1"]
[WhiteElo "1922"]
[BlackElo "2213"]
[Annotator "JAM-INA"]
[PlyCount "106"]
[EventDate "2006.05.21"]

1. d4 d5 2. c4 e6 3. Nc3 Nf6 4. cxd5 exd5 5. Bg5 Be7 6. e3 c6 7. Bd3 g6 8. Qc2
Nh5 9. Bxe7 Qxe7 10. Nxd5 Qd8 11. Nc3 O-O 12. Nge2 Be6 13. Ng3 Ng7 14. O-O h5
15. Nge2 h4 16. Nf4 Bd7 17. Rad1 g5 18. Nfe2 h3 19. g3 f5 20. Qb3+ Be6 21. Qxb7
Nd7 22. Qxc6 Rc8 23. Qd6 Rb8 24. d5 Rb6 25. Qa3 Qa8 26. e4 fxe4 27. Bxe4 Bf5
28. Bh1 Ne5 29. Nd4 Bg4 30. Na4 Rbf6 31. f3 Qxd5 32. Nf5 Nxf3+ 33. Bxf3 Qxf5
34. Bd5+ Kh8 35. Rxf5 Rxf5 36. Re1 Bf3 37. Bxf3 Rxf3 38. Qc5 R3f5 39. Qxa7 Rd8
40. b4 Rd2 41. Qa8+ Kh7 42. Nc5 Rff2 43. a4 Rg2+ 44. Qxg2 Rxg2+ 45. Kh1 Nf5 46.
a5 Nd4 47. Re3 g4 48. Ne6 Ne2 49. Rxe2 Rxe2 50. Ng5+ Kg6 51. Kg1 Kxg5 52. a6
Rb2 53. b5 Rxb5 0-1

[Event "XXXVII Olimpiadi femminile"]
[Site "Torino ITA"]
[Date "2006.05.22"]
[Round "2.2"]
[White "Cua, Sherily"]
[Black "Quinn, Deborah"]
[Result "1-0"]
[WhiteElo "1954"]
[BlackElo "1813"]
[Annotator "IRL-PHI"]
[PlyCount "59"]
[EventDate "2006.05.21"]

1. d4 d5 2. Nf3 Nc6 3. c4 Bg4 4. e3 e6 5. Be2 Nf6 6. Nc3 Be7 7. O-O O-O 8. Bd2
dxc4 9. Bxc4 e5 10. d5 Nb4 11. e4 c6 12. dxc6 Nxc6 13. Be2 Bc5 14. Bg5 h6 15.
Bh4 Bxf3 16. Bxf3 g5 17. Bg3 Bd4 18. Qe2 Bxc3 19. bxc3 Qa5 20. Rac1 Rfd8 21. h4
Nh7 22. Bg4 Rf8 23. Bf5 Rad8 24. Qh5 Rd6 25. Rfd1 Rf6 26. Rd7 Qc5 27. Rd5 Qa3
28. Rcd1 Qxc3 29. Rd6 Nd4 30. Bxh7+ 1-0

[Event "XXXVII Olimpiadi femminile"]
[Site "Torino ITA"]
[Date "2006.05.22"]
[Round "2.1"]
[White "Thorsteinsdottir, Gudlaug"]
[Black "Mansour, Mariam"]
[Result "1-0"]
[WhiteElo "2138"]
[BlackElo "1838"]
[Annotator "ISL-UAE"]
[PlyCount "59"]
[EventDate "2006.05.21"]

1. e4 e5 2. Nf3 Nc6 3. Bb5 Nf6 4. O-O d6 5. d4 Bd7 6. Re1 exd4 7. Nxd4 Ne5 8.
Bxd7+ Nexd7 9. Nc3 Be7 10. Nf5 O-O 11. Bg5 Re8 12. Qd4 g6 13. Nxe7+ Qxe7 14.
Nd5 Qe6 15. Nxf6+ Nxf6 16. Qxf6 Qxf6 17. Bxf6 Re6 18. Bc3 a6 19. f3 f6 20. a4
Kf7 21. Kf2 Rae8 22. Rad1 Rd8 23. g4 Rde8 24. h4 h6 25. g5 hxg5 26. hxg5 f5 27.
Rh1 fxe4 28. Rh7+ Kg8 29. Rdh1 Kf8 30. Rg7 1-0

[Event "XXXVII Olimpiadi femminile"]
[Site "Torino ITA"]
[Date "2006.05.22"]
[Round "2.2"]
[White "Ebtissam, Mohamed"]
[Black "Gretarsdottir, Lilja"]
[Result "0-1"]
[WhiteElo "1797"]
[BlackElo "2013"]
[Annotator "ISL-UAE"]
[PlyCount "52"]
[EventDate "2006.05.21"]

1. e4 c5 2. Nf3 d6 3. d4 cxd4 4. Nxd4 Nf6 5. Nc3 a6 6. Be2 e6 7. O-O Nbd7 8. a3
b5 9. Qe1 Bb7 10. Bd3 Be7 11. Be3 Rc8 12. b4 Qc7 13. Bd2 O-O 14. f4 Qb6 15. Be3
Qc7 16. Bd2 Qb6 17. Be3 Ng4 18. Nd1 Nxe3 19. Qxe3 Bf6 20. c3 Rxc3 21. Nf5 Rxd3
22. Qxb6 Nxb6 23. e5 dxe5 24. fxe5 Bxe5 25. Ne7+ Kh8 26. Rc1 Nc4 0-1

[Event "XXXVII Olimpiadi femminile"]
[Site "Torino ITA"]
[Date "2006.05.22"]
[Round "2.1"]
[White "Nuritdinova, Elena"]
[Black "Kopinits, Anna-Christina"]
[Result "0-1"]
[WhiteElo "2087"]
[BlackElo "2078"]
[Annotator "TJK-AUT"]
[PlyCount "64"]
[EventDate "2006.05.21"]

1. e4 c5 2. Nf3 Nc6 3. d4 cxd4 4. Nxd4 Nf6 5. Nc3 e5 6. Nb3 Bb4 7. Bd3 d5 8.
exd5 Nxd5 9. Bd2 Nxc3 10. bxc3 Be7 11. O-O O-O 12. Qe2 f5 13. Rfd1 Qc7 14. f3
Bd7 15. a4 Kh8 16. a5 Rae8 17. Be3 Bc8 18. a6 b6 19. Bb5 Be6 20. c4 Rc8 21. Bf2
Bd6 22. Kh1 e4 23. Bg1 Ne5 24. fxe4 f4 25. Nd4 Bg4 26. Nf3 g5 27. Qf1 Bxf3 28.
gxf3 Bc5 29. Bxc5 bxc5 30. Rd5 g4 31. fxg4 Nxg4 32. Qh3 Nf2+ 0-1

[Event "XXXVII Olimpiadi femminile"]
[Site "Torino ITA"]
[Date "2006.05.22"]
[Round "2.1"]
[White "Da Bosco, Carla"]
[Black "Siti, Zulaikha"]
[Result "0-1"]
[WhiteElo "2050"]
[BlackElo "2169"]
[Annotator "CRC-MAS"]
[PlyCount "78"]
[EventDate "2006.05.21"]

1. e4 d6 2. d4 Nf6 3. Nc3 g6 4. Bc4 Bg7 5. Nge2 O-O 6. O-O c6 7. Bb3 e5 8. Bg5
h6 9. Bh4 g5 10. Bg3 Nh5 11. dxe5 dxe5 12. Qc1 Nd7 13. Qe3 Qe7 14. a3 Nc5 15.
Ba2 Ne6 16. Qf3 Nhf4 17. Rad1 Re8 18. Qe3 Nd4 19. Nxd4 exd4 20. Rxd4 Bxd4 21.
Qxd4 Qe5 22. Qb4 a5 23. Qb6 Ra6 24. Qb3 Re7 25. a4 Be6 26. Qa3 Bxa2 27. Qxa2
Rb6 28. Rd1 Re8 29. f3 Qe6 30. b3 Qe5 31. Bf2 Rb4 32. Qa1 Qxc3 33. Qxc3 Ne2+
34. Kf1 Nxc3 35. Rd3 Nxa4 36. bxa4 Rxa4 37. Bb6 Rc4 38. Bxa5 Rxc2 39. Rd6 Ra8
0-1

[Event "XXXVII Olimpiadi femminile"]
[Site "Torino ITA"]
[Date "2006.05.22"]
[Round "2.1"]
[White "De Blecourt Dalsberg, Sandra"]
[Black "Toubal, Wissan"]
[Result "1-0"]
[WhiteElo "2077"]
[BlackElo "1963"]
[Annotator "DEN-ALG"]
[PlyCount "90"]
[EventDate "2006.05.21"]

1. d4 d5 2. c4 e6 3. Nc3 Nf6 4. cxd5 exd5 5. Bg5 Be7 6. Qc2 c6 7. e3 Nbd7 8.
Bd3 O-O 9. Nge2 Re8 10. O-O Nf8 11. f3 Be6 12. Rad1 Nh5 13. Bxe7 Qxe7 14. e4
dxe4 15. fxe4 Qg5 16. Kh1 Rad8 17. e5 Qh6 18. Bf5 g6 19. Bxe6 Nxe6 20. Ne4 Re7
21. g4 Nhg7 22. Qb3 Rc7 23. Nd6 Rdd7 24. Ng3 Ng5 25. Qe3 Qh4 26. Nge4 Nxe4 27.
Nxe4 Ne8 28. Qf4 Qd8 29. Ng5 Ng7 30. Ne4 Kh8 31. Nd6 Ne6 32. Qg3 Kg7 33. h4 Qf8
34. Rf6 Qd8 35. Rf3 Qf8 36. Qf2 Nd8 37. Rh3 Ne6 38. Qf6+ Kg8 39. g5 Ng7 40. h5
Nxh5 41. Rxh5 gxh5 42. Nf5 h6 43. gxh6 Kh7 44. Rg1 Rxd4 45. Rg7+ Kh8 1-0

[Event "XXXVII Olimpiadi femminile"]
[Site "Torino ITA"]
[Date "2006.05.22"]
[Round "2.2"]
[White "Mudongo, Boikhutso"]
[Black "Chaves, Joara"]
[Result "0-1"]
[WhiteElo "1951"]
[BlackElo "2035"]
[Annotator "BRA-BOT"]
[PlyCount "83"]
[EventDate "2006.05.21"]

1. e4 e5 2. Nf3 Nc6 3. Bb5 a6 4. Ba4 Nf6 5. O-O Be7 6. Re1 b5 7. Bb3 d6 8. c3
O-O 9. h3 Na5 10. Bc2 c5 11. d4 Nd7 12. Nbd2 Bf6 13. Nf1 Nc6 14. Be3 cxd4 15.
cxd4 exd4 16. Nxd4 Nxd4 17. Bxd4 Bb7 18. Rc1 Re8 19. b3 Rc8 20. Ng3 g6 21. Ba1
Qe7 22. Bd3 Nc5 23. Bxf6 Qxf6 24. Bc2 h5 25. f3 a5 26. Ne2 Red8 27. Qd4 Qe5 28.
Red1 b4 29. Bb1 Ne6 30. Qe3 Qb2 31. Rxc8 Rxc8 32. Qd3 Nc5 33. Qd2 Qxd2 34. Rxd2
Rd8 35. Nf4 Kf8 36. Kf2 Ke7 37. Ke3 h4 38. Bd3 d5 39. exd5 Bxd5 40. Nxd5+ Rxd5
41. Bc2 Rg5 42. Rf2 0-1

[Event "XXXVII Olimpiadi femminile"]
[Site "Torino ITA"]
[Date "2006.05.22"]
[Round "2.1"]
[White "Nakagawa, Emiko"]
[Black "Perez, Eneida"]
[Result "1-0"]
[WhiteElo "1944"]
[BlackElo "2110"]
[Annotator "JPN-DOM"]
[PlyCount "97"]
[EventDate "2006.05.21"]

1. d4 d5 2. c4 e6 3. Nc3 f5 4. Nf3 c6 5. e3 Nf6 6. Bd3 Bd6 7. O-O O-O 8. Ne5
Nbd7 9. f4 Ne4 10. Bd2 Ndf6 11. Be1 Qe8 12. Rc1 Bxe5 13. fxe5 Ng4 14. Qf3 Nh6
15. Bxe4 dxe4 16. Qg3 b6 17. Ne2 a5 18. Nf4 Rf7 19. Rf2 c5 20. d5 exd5 21. Nxd5
Qe6 22. Bc3 b5 23. b3 b4 24. Ba1 Kh8 25. Rd2 Bd7 26. Nc7 Qc6 27. Nxa8 Qxa8 28.
Rcd1 Qe8 29. Rd5 Ng4 30. Rxc5 f4 31. exf4 e3 32. Re1 a4 33. Rd5 axb3 34. axb3
Be6 35. Rd6 Nh6 36. Qxe3 Nf5 37. Qd2 Nxd6 38. exd6 Qd7 39. Be5 Qa7+ 40. Qe3
Qxe3+ 41. Rxe3 Bd7 42. g3 h6 43. Bd4 Kg8 44. Bc5 g5 45. Re7 Rf5 46. Rxd7 Rxc5
47. Rc7 Ra5 48. d7 Ra1+ 49. Kf2 1-0

[Event "XXXVII Olimpiadi femminile"]
[Site "Torino ITA"]
[Date "2006.05.22"]
[Round "2.1"]
[White "Zepeda Cortez, Lorena Marisela"]
[Black "Al Rufaye, Iman Hasan Mohammed"]
[Result "1-0"]
[WhiteElo "2122"]
[BlackElo "2118"]
[Annotator "ESA-IRQ"]
[PlyCount "89"]
[EventDate "2006.05.21"]

1. e4 e5 2. Bc4 Bc5 3. Nf3 Nc6 4. c3 Nf6 5. Qe2 d6 6. Bb3 O-O 7. d3 h6 8. Nbd2
Re8 9. h3 Bb6 10. Nf1 d5 11. g4 dxe4 12. dxe4 Nh7 13. Ng3 Be6 14. Bc2 f6 15.
Nf5 Ne7 16. Rg1 Ng5 17. Nxg5 hxg5 18. h4 Ng6 19. hxg5 fxg5 20. Rh1 Nf4 21. Qf3
g6 22. Bxf4 exf4 23. Qh3 Qf6 24. Qh7+ Kf8 25. Rh6 Bf7 26. O-O-O Rad8 27. Rxd8
Rxd8 28. Bb3 Ke8 29. Bxf7+ Qxf7 30. Qxg6 Qxg6 31. Rxg6 Bxf2 32. Rxg5 Bb6 33.
Rg8+ Kd7 34. Rxd8+ Kxd8 35. Kd2 Kd7 36. Ke2 Ke6 37. Kf3 Ke5 38. g5 c6 39. g6
Kf6 40. g7 Kf7 41. Kxf4 Bc7+ 42. e5 a6 43. Ke4 Bd8 44. e6+ Kg8 45. Ke5 1-0

[Event "XXXVII Olimpiadi femminile"]
[Site "Torino ITA"]
[Date "2006.05.22"]
[Round "2.2"]
[White "Ibraheem, Delbak Ismael Ibraheem"]
[Black "Castaneda, Ada"]
[Result "0-1"]
[WhiteElo "1897"]
[BlackElo "2017"]
[Annotator "ESA-IRQ"]
[PlyCount "48"]
[EventDate "2006.05.21"]

1. e4 e5 2. Nf3 d6 3. d4 Nd7 4. dxe5 dxe5 5. Be3 Ngf6 6. Nbd2 Be7 7. Bc4 O-O 8.
O-O Ng4 9. Qe2 Nxe3 10. Qxe3 Bc5 11. Qe2 Qe7 12. Bb3 Nf6 13. h3 Nh5 14. Rfd1
Nf4 15. Qe1 Qf6 16. Kh2 g5 17. Ng1 g4 18. g3 Nh5 19. f3 gxh3 20. Nxh3 Bxh3 21.
Kxh3 Kh8 22. g4 Nf4+ 23. Kg3 Rg8 24. Qh1 Rg6 0-1

[Event "XXXVII Olimpiadi femminile"]
[Site "Torino ITA"]
[Date "2006.05.23"]
[Round "3.1"]
[White "Skripchenko, Almira"]
[Black "Zhao, Xue"]
[Result "1/2-1/2"]
[WhiteElo "2423"]
[BlackElo "2423"]
[Annotator "FRA-CHN"]
[PlyCount "86"]
[EventDate "2006.05.21"]

1. e4 c5 2. Nc3 d6 3. f4 Nc6 4. Nf3 g6 5. Bb5 Bd7 6. d3 Bg7 7. O-O a6 8. Bxc6
Bxc6 9. Qe1 Qd7 10. Bd2 b5 11. Kh1 Nh6 12. Qh4 f5 13. Rae1 O-O 14. Ng5 b4 15.
Nd5 Rab8 16. c4 e6 17. Nxe6 Qxe6 18. Ne7+ Kh8 19. Nxc6 Rbe8 20. e5 Qd7 21. Na5
dxe5 22. fxe5 Ng4 23. Bf4 Nxe5 24. Qg3 Nxd3 25. Rd1 Rd8 26. Rd2 Qa4 27. Bc7 Rd7
28. b3 Qa3 29. Rxd3 f4 30. Bxf4 Rxd3 31. Qxd3 Qxa5 32. Qe2 Qd8 33. Rd1 Qe8 34.
Qxe8 Rxe8 35. g3 Bd4 36. Rd2 Kg7 37. Kg2 Kf6 38. h4 Kf5 39. Kf3 h5 40. Re2 Rxe2
41. Kxe2 Kg4 42. Bd6 Bg1 43. Kf1 Be3 1/2-1/2

[Event "XXXVII Olimpiadi femminile"]
[Site "Torino ITA"]
[Date "2006.05.23"]
[Round "3.3"]
[White "Milliet, Sophie"]
[Black "Hou, Yifan"]
[Result "0-1"]
[WhiteElo "2330"]
[BlackElo "2298"]
[Annotator "FRA-CHN"]
[PlyCount "48"]
[EventDate "2006.05.21"]

1. e4 e6 2. d4 d5 3. Nc3 Bb4 4. exd5 exd5 5. Bd3 Nc6 6. Nge2 Nge7 7. O-O O-O 8.
Bf4 Bf5 9. Bxf5 Nxf5 10. Qd3 Bxc3 11. Qxc3 Qf6 12. Rad1 Rfe8 13. Ng3 Ncxd4 14.
Qxc7 b6 15. c3 Re7 16. Be5 Nxg3 17. fxg3 Ne2+ 18. Kh1 Qxe5 19. Qc6 Rd8 20. Rfe1
Qh5 21. h3 Nxg3+ 22. Kh2 Ne4 23. c4 Qe5+ 24. Kg1 d4 0-1

[Event "XXXVII Olimpiadi femminile"]
[Site "Torino ITA"]
[Date "2006.05.23"]
[Round "3.1"]
[White "Cmilyte, Viktorija"]
[Black "Rogule, Laura"]
[Result "1-0"]
[WhiteElo "2470"]
[BlackElo "2309"]
[Annotator "LTU-LAT"]
[PlyCount "73"]
[EventDate "2006.05.21"]

1. d4 d5 2. c4 c6 3. Nc3 Nf6 4. Nf3 e6 5. Bg5 h6 6. Bxf6 Qxf6 7. e3 Nd7 8. a3
g6 9. b4 a6 10. e4 dxe4 11. Nxe4 Qf4 12. Bd3 f5 13. g3 Qc7 14. Ned2 Bg7 15. Qe2
O-O 16. Qxe6+ Kh7 17. Qe7 b6 18. O-O Bb7 19. Rae1 Rfe8 20. Qh4 Bf6 21. Qf4 Qxf4
22. gxf4 Nf8 23. Re3 Red8 24. Nb3 Bc8 25. Rfe1 Bd7 26. c5 b5 27. Na5 Ra7 28.
Bc2 Rc7 29. Bb3 g5 30. Re7+ Bxe7 31. Rxe7+ Kg6 32. Ne5+ Kh5 33. Bf7+ Kh4 34.
Kg2 Rdc8 35. Nb3 Rd8 36. h3 g4 37. Nd2 1-0

[Event "XXXVII Olimpiadi femminile"]
[Site "Torino ITA"]
[Date "2006.05.23"]
[Round "3.2"]
[White "Safranska, Anda"]
[Black "Ciuksyte, Dagne"]
[Result "0-1"]
[WhiteElo "2279"]
[BlackElo "2423"]
[Annotator "LTU-LAT"]
[PlyCount "84"]
[EventDate "2006.05.21"]

1. e4 c5 2. Nf3 e6 3. d3 Nc6 4. g3 Nf6 5. Bg2 d6 6. O-O Be7 7. Re1 O-O 8. c3 e5
9. a3 Re8 10. h3 h6 11. b4 a6 12. Bb2 Bf8 13. Nbd2 g6 14. Rb1 Bg7 15. Nb3 cxb4
16. axb4 d5 17. Ra1 Ra7 18. Nfd2 b6 19. Ra4 Rd7 20. Qe2 Bb7 21. Nf1 d4 22. cxd4
exd4 23. Qd2 Bf8 24. Rc1 Kh7 25. Nh2 b5 26. Raa1 Bxb4 27. Qd1 Qb6 28. Nf3 a5
29. e5 Nxe5 30. Nbxd4 Bxf3 31. Nxf3 Nxd3 32. Qc2 Bc5 33. Rf1 Nxb2 34. Qxb2 a4
35. Kh2 a3 36. Qb3 Ne4 37. Rad1 Rde7 38. Nh4 Nxf2 39. Rd2 b4 40. Bd5 Re2 41.
Rxe2 Rxe2 42. Bg2 Qe6 0-1

[Event "XXXVII Olimpiadi femminile"]
[Site "Torino ITA"]
[Date "2006.05.23"]
[Round "3.3"]
[White "Daulyte, Deimante"]
[Black "Berzina, Ilze"]
[Result "1-0"]
[WhiteElo "2230"]
[BlackElo "2278"]
[Annotator "LTU-LAT"]
[PlyCount "97"]
[EventDate "2006.05.21"]

1. e4 c6 2. d4 d5 3. exd5 cxd5 4. c4 Nf6 5. Nc3 e6 6. Nf3 Bb4 7. cxd5 Nxd5 8.
Bd2 O-O 9. Bd3 Nc6 10. O-O Be7 11. a3 Bf6 12. Be3 Nxc3 13. bxc3 e5 14. dxe5
Nxe5 15. Nxe5 Bxe5 16. Bxh7+ Kxh7 17. Qh5+ Kg8 18. Qxe5 Bg4 19. Rab1 b6 20. Rb4
Re8 21. Qg3 Bf5 22. Bd4 f6 23. Rb5 Be6 24. Rh5 Bc4 25. Rb1 Qe7 26. h3 Qf7 27.
Rf5 Re6 28. h4 Rae8 29. h5 Kh7 30. Rb4 Be2 31. Be3 Re4 32. h6 gxh6 33. Qh2 Qg7
34. Rf4 Rxb4 35. axb4 Qg6 36. Qh3 Re5 37. Rh4 h5 38. Qd7+ Kg8 39. Rd4 Bf3 40.
Qc8+ Re8 41. Qh3 Bg4 42. Qg3 Kf7 43. Rd6 Qc2 44. Bd4 Re1+ 45. Kh2 Re6 46. Rd7+
Kg6 47. f3 Re2 48. fxg4 h4 49. Qf3 1-0

[Event "XXXVII Olimpiadi femminile"]
[Site "Torino ITA"]
[Date "2006.05.23"]
[Round "3.2"]
[White "Zawadzka, Jolanta"]
[Black "Kosintseva, Tatiana"]
[Result "0-1"]
[WhiteElo "2389"]
[BlackElo "2489"]
[Annotator "RUS-POL"]
[PlyCount "104"]
[EventDate "2006.05.21"]

1. e4 e5 2. Nf3 Nc6 3. d4 exd4 4. Nxd4 Nf6 5. Nxc6 bxc6 6. e5 Qe7 7. Qe2 Nd5 8.
c4 Ba6 9. g3 O-O-O 10. b3 g5 11. Bg2 Bg7 12. Bb2 Rde8 13. O-O Bxe5 14. Qxe5
Qxe5 15. Bxe5 Rxe5 16. cxd5 Bxf1 17. Kxf1 cxd5 18. Nd2 g4 19. Rd1 c6 20. b4
Rhe8 21. a4 Kc7 22. Nb3 Re2 23. Nc5 Ra2 24. a5 Ree2 25. Nd3 Kd6 26. h3 h5 27.
h4 f5 28. Kg1 Red2 29. Rxd2 Rxd2 30. Bf1 d4 31. Kg2 Ke7 32. Nf4 Rb2 33. Bd3
Rxb4 34. Bxf5 Rb5 35. Bd3 Rxa5 36. f3 Ra2+ 37. Kf1 a5 38. fxg4 hxg4 39. h5 a4
40. h6 Rh2 41. Ng6+ Kf6 42. Nf8 a3 43. Nxd7+ Kg5 44. Bc4 Kxh6 45. Ne5 a2 46.
Bxa2 Rxa2 47. Nxc6 d3 48. Ke1 Re2+ 49. Kd1 Kg5 50. Nb4 Re3 51. Kd2 Rxg3 52.
Nxd3 Rxd3+ 0-1

[Event "XXXVII Olimpiadi femminile"]
[Site "Torino ITA"]
[Date "2006.05.23"]
[Round "3.3"]
[White "Kosintseva, Nadezhda"]
[Black "Majdan, Joanna"]
[Result "1-0"]
[WhiteElo "2469"]
[BlackElo "2297"]
[Annotator "RUS-POL"]
[PlyCount "135"]
[EventDate "2006.05.21"]

1. e4 c5 2. Nf3 d6 3. d4 cxd4 4. Nxd4 Nf6 5. Nc3 Nc6 6. Bg5 e6 7. Qd2 a6 8.
O-O-O Bd7 9. f3 Be7 10. Kb1 Qc7 11. g4 h5 12. gxh5 Nxh5 13. Bxe7 Nxe7 14. Rg1
Ng6 15. Nde2 Ne5 16. Nd4 Ng6 17. Bd3 Nhf4 18. Rg4 Qc5 19. Bf1 Qe5 20. Qf2 Rc8
21. Qg1 Qc5 22. Qg3 Nh5 23. Qg1 Rh6 24. Rg5 Qb6 25. Nce2 Qc7 26. Rd2 Nf6 27.
Nc1 b5 28. Qe3 Qb7 29. Qa3 Qb6 30. Ndb3 Rc6 31. Nd4 Rc7 32. Ndb3 Rc6 33. Nd4
Rc5 34. Qe3 Re5 35. c3 Nd5 36. Qg1 Rxg5 37. Qxg5 Ndf4 38. a3 Rh5 39. Qg3 a5 40.
Nce2 Nxe2 41. Nxe2 Ke7 42. f4 b4 43. axb4 axb4 44. cxb4 Qxb4 45. Nc3 Ra5 46. f5
Ne5 47. Qxg7 Nf3 48. Rd1 Ba4 49. fxe6 Ng5 50. Rd4 Qb3 51. Rxa4 Nxe6 52. Qg4
Rxa4 53. Nxa4 Qxa4 54. Bd3 d5 55. Qh4+ Kd7 56. Bc2 Qc4 57. Qf6 dxe4 58. Qxf7+
Kd6 59. Qf2 Qd5 60. Qe3 Nc5 61. h4 Qc4 62. Qf4+ Kc6 63. h5 Qe2 64. h6 e3 65. b4
Qe1+ 66. Kb2 Ne6 67. Qe4+ Kd6 68. h7 1-0

[Event "XXXVII Olimpiadi femminile"]
[Site "Torino ITA"]
[Date "2006.05.23"]
[Round "3.1"]
[White "Klinova, Masha"]
[Black "Hoang, Thanh Trang"]
[Result "1/2-1/2"]
[WhiteElo "2357"]
[BlackElo "2487"]
[Annotator "ISR-HUN"]
[PlyCount "70"]
[EventDate "2006.05.21"]

1. e4 e6 2. d3 b5 3. Nf3 Bb7 4. Be2 c5 5. O-O Be7 6. a4 b4 7. c3 d6 8. cxb4
cxb4 9. a5 Qd7 10. Be3 Nf6 11. Nbd2 O-O 12. h3 Rc8 13. Qb3 Na6 14. d4 Rc7 15.
Rfc1 Rac8 16. Rxc7 Qxc7 17. Bd3 h6 18. Ne1 Nb8 19. f3 Nc6 20. a6 Ba8 21. Rc1
Qb8 22. Qa4 Nd7 23. Qb5 d5 24. Qxb8 Rxb8 25. exd5 exd5 26. Nb3 Bf6 27. f4 Re8
28. Bf2 Nb6 29. Nf3 Nb8 30. Ne5 Rc8 31. Rxc8+ Nxc8 32. Be1 Nc6 33. Nxc6 Bxc6
34. Bxb4 Ba4 35. Bc2 Bb5 1/2-1/2

[Event "XXXVII Olimpiadi femminile"]
[Site "Torino ITA"]
[Date "2006.05.23"]
[Round "3.2"]
[White "Bayaraa, Zorigt"]
[Black "Gaponenko, Inna"]
[Result "0-1"]
[WhiteElo "2102"]
[BlackElo "2430"]
[Annotator "UKR-MGL"]
[PlyCount "100"]
[EventDate "2006.05.21"]

1. e4 c5 2. Nf3 g6 3. d4 Bg7 4. c4 Qa5+ 5. Nc3 d6 6. Be2 Bg4 7. dxc5 dxc5 8.
Bd2 Bxf3 9. Bxf3 Nc6 10. Na4 Qc7 11. Nxc5 Ne5 12. Qa4+ Kf8 13. Be3 b6 14. Na6
Qxc4 15. Qxc4 Nxc4 16. Rc1 Nxe3 17. fxe3 Bxb2 18. Rc2 Be5 19. Ke2 Nf6 20. a4
Kg7 21. h3 Rac8 22. Rhc1 Rxc2+ 23. Rxc2 Bd6 24. Nc7 Nd7 25. Nb5 Bc5 26. Ra2 a5
27. Rc2 Ne5 28. Nd4 Rd8 29. Nb5 Rd3 30. Rc3 Rxc3 31. Nxc3 Nc4 32. Kd3 Ne5+ 33.
Kd2 Bb4 34. Be2 Kf6 35. Kc2 Bxc3 36. Kxc3 Ke6 37. Bb5 Kd6 38. Be8 f6 39. Bb5
Kc5 40. Be2 Nf7 41. Bd3 Nd6 42. g4 b5 43. axb5 Nxb5+ 44. Kb3 Nd6 45. h4 Nf7 46.
Ka4 Ne5 47. Be2 Nc4 48. h5 gxh5 49. gxh5 h6 50. Bxc4 Kxc4 0-1

[Event "XXXVII Olimpiadi femminile"]
[Site "Torino ITA"]
[Date "2006.05.23"]
[Round "3.2"]
[White "Zimina, Olga"]
[Black "Foisor, Cristina-Adela"]
[Result "1/2-1/2"]
[WhiteElo "2404"]
[BlackElo "2392"]
[Annotator "ROU-ITA1"]
[PlyCount "61"]
[EventDate "2006.05.21"]

1. e4 c5 2. Nf3 g6 3. d4 Bg7 4. c3 cxd4 5. cxd4 d5 6. e5 Nc6 7. h3 f6 8. Bf4
Nh6 9. Bb5 O-O 10. exf6 exf6 11. O-O g5 12. Bh2 g4 13. hxg4 Bxg4 14. Bxc6 bxc6
15. Nbd2 Nf5 16. Nb3 Nh4 17. Nbd2 Bh6 18. Qb3 Nf5 19. Qd3 Qe8 20. Rfe1 Qh5 21.
Re6 Rac8 22. Rae1 Rce8 23. Rxe8 Rxe8 24. Rxe8+ Qxe8 25. Bc7 Bxd2 26. Nxd2 Qe1+
27. Nf1 Qd1 28. Qxd1 Bxd1 29. Ne3 Nxe3 30. fxe3 Kf7 31. Kf2 1/2-1/2

[Event "XXXVII Olimpiadi femminile"]
[Site "Torino ITA"]
[Date "2006.05.23"]
[Round "3.3"]
[White "Calotescu, Ana-Cristina"]
[Black "Ambrosi, Eleonora"]
[Result "1-0"]
[WhiteElo "2325"]
[BlackElo "2136"]
[Annotator "ROU-ITA1"]
[PlyCount "109"]
[EventDate "2006.05.21"]

1. c4 Nc6 2. Nc3 e5 3. g3 g6 4. e4 Bg7 5. Bg2 d6 6. Nge2 Nge7 7. d3 Be6 8. h4
Nd4 9. Nxd4 exd4 10. Ne2 c6 11. h5 Qb6 12. Nf4 Bd7 13. a3 O-O-O 14. b4 f5 15.
Bb2 g5 16. Ne2 Rhf8 17. Qd2 f4 18. gxf4 gxf4 19. Bf3 Be5 20. a4 c5 21. b5 Rg8
22. a5 Qc7 23. a6 b6 24. Rh4 Bf6 25. Rh2 Rdf8 26. O-O-O Bg4 27. Bxg4+ Rxg4 28.
f3 Rgg8 29. Kc2 Qd7 30. Bc1 Bg5 31. Rg1 h6 32. Qe1 Rf7 33. Bd2 Rgf8 34. Qc1 Qe6
35. Rgg2 Qe5 36. Ng1 Kd7 37. Nh3 Bh4 38. Rg4 Bg3 39. Rh1 Ng8 40. Ng1 Bf2 41.
Qf1 Be3 42. Qh3 Kc7 43. Ne2 Rg7 44. Rxg7+ Qxg7 45. Rh2 Qe5 46. Qg4 Ne7 47. Rh4
Rg8 48. Qh3 Qg5 49. Rg4 Qe5 50. Nxf4 Rf8 51. Ng6 Nxg6 52. hxg6 Bxd2 53. Kxd2 h5
54. Rg2 Rg8 55. Qh4 1-0

[Event "XXXVII Olimpiadi femminile"]
[Site "Torino ITA"]
[Date "2006.05.23"]
[Round "3.1"]
[White "Fierro Baquero, Martha Lorena"]
[Black "Paehtz, Elisabeth"]
[Result "1/2-1/2"]
[WhiteElo "2294"]
[BlackElo "2438"]
[Annotator "ECU-GER"]
[PlyCount "131"]
[EventDate "2006.05.21"]

1. e4 c5 2. Nf3 e6 3. d4 cxd4 4. Nxd4 a6 5. Bd3 Bc5 6. Nb3 Ba7 7. Qg4 Nf6 8.
Qg3 d6 9. Nc3 Nc6 10. O-O b5 11. a3 Bb7 12. Kh1 Qe7 13. f4 g6 14. Be3 h5 15.
Bxa7 h4 16. Qf2 Rxa7 17. Rae1 Ra8 18. Nd5 Qd8 19. Nxf6+ Qxf6 20. e5 dxe5 21.
Nc5 Qe7 22. Nxb7 Qxb7 23. Be4 Rc8 24. fxe5 Qe7 25. Qb6 Nb8 26. Rf6 Nd7 27. Bc6
O-O 28. Bxd7 Qxd7 29. Qf2 h3 30. Rf3 hxg2+ 31. Qxg2 Qd5 32. c3 Rc4 33. Rfe3
Qxg2+ 34. Kxg2 Rd8 35. R1e2 Kg7 36. Kf3 Rh8 37. Re4 Rh3+ 38. Kg2 Rxe4 39. Rxe4
Rd3 40. Re2 g5 41. Kf2 Kg6 42. Ke1 Rf3 43. Kd2 Kf5 44. b3 Rf1 45. c4 bxc4 46.
bxc4 Rf3 47. c5 Rxa3 48. c6 Rh3 49. Rf2+ Kxe5 50. c7 Rh8 51. Rxf7 Rxh2+ 52. Kd3
Rh8 53. Rd7 Rc8 54. Kc4 g4 55. Kc5 g3 56. Kc6 Kf4 57. Rf7+ Ke4 58. Re7 g2 59.
Rxe6+ Kf5 60. Re1 Kf4 61. Kb7 Rxc7+ 62. Kxc7 Kf3 63. Kb6 Kf2 64. Ra1 g1=Q 65.
Rxg1 Kxg1 66. Kxa6 1/2-1/2